[Event "Blechzin Memorial 2021"]
[Site "St. Petersburg"]
[Date "2021.04.14"]
[Round "7.5"]
[White "Gorovykh, Eduard"]
[Black "Khalifman, Alexander"]
[Result "1/2-1/2"]
[WhiteElo "2488"]
[BlackElo "2608"]
[Annotator "TA"]
[PlyCount "42"]
[EventDate "2021.04.14"]
[EventType "tourn"]
[EventCountry "RUS"]
[SourceTitle "playchess.com"]
[Source "ChessBase"]
[SourceQuality "1"]

{[%evp 11,14,14,15,21,6]} 1. e4 e5 2. Nf3 Nf6 3. Nxe5 d6 4. Nf3 Nxe4 5. d4 d5 6. Be2 Bd6 $1 {The main line 6...Bd6 scores better than 6...Be7.} 7. O-O {C42: Petroff Defence: 3 Nxe5 and unusual White 3rd moves.} O-O {[#] An uneventful encounter. Not enough moves} {Predecessor:} 8. c4 $146 dxc4 9. Bxc4 Nc6 10. Re1 Bf5 11. Nc3 Nxc3 12. bxc3 Re8 13. Be3 Qd7 14. Bd3 h6 15. Rb1 b6 16. h3 Ne7 17. Bxf5 Nxf5 18. Bd2 Rxe1+ 19. Bxe1 Re8 20. Bd2 c5 21. Qc2 cxd4 {½-½ (21) Talos,D (2315)-Pesa,L (2334) ICCF email 2014} 1/2-1/2

[Event "Blechzin Memorial 2021"]
[Site "St. Petersburg"]
[Date "2021.04.14"]
[Round "8.1"]
[White "Khairullin, Ildar"]
[Black "Khalifman, Alexander"]
[Result "1/2-1/2"]
[WhiteElo "2615"]
[BlackElo "2608"]
[Annotator "TA"]
[PlyCount "32"]
[EventDate "2021.04.14"]
[EventType "tourn"]
[EventCountry "RUS"]
[SourceTitle "playchess.com"]
[Source "ChessBase"]
[SourceQuality "1"]

{[%evp 11,19,25,35,39,20,-6,22,35,35,24]} 1. d4 Nf6 2. c4 e6 3. Nf3 d5 4. Nc3 c5 5. cxd5 cxd4 6. Qxd4 exd5 7. e4 {D41: Queen's Gambit Declined: Semi-Tarrasch with 5 cxd5.} dxe4 $1 {[%mdl 4] is more profitable than 7...Nc6 at the moment.} 8. Qxd8+ Kxd8 9. Ng5 Be6 10. Nxe6+ {[#]  Weighted Error Value: White=0.00/Black=0.00} {Predecessor:} fxe6 $146 11. Bg5 Nc6 12. Bc4 Ke7 13. Nxe4 Kf7 14. Bxf6 gxf6 15. O-O-O Rd8 16. Rxd8 Nxd8 {½-½ (48) Aronian,L (2781)-Vidit,S (2726) chess24.com INT 2021} 1/2-1/2

[Event "Blechzin Memorial 2021"]
[Site "St. Petersburg"]
[Date "2021.04.14"]
[Round "8.2"]
[White "Romanov, Evgeny"]
[Black "Gorovykh, Eduard"]
[Result "1/2-1/2"]
[WhiteElo "2599"]
[BlackElo "2488"]
[Annotator "TA"]
[PlyCount "42"]
[EventDate "2021.04.14"]
[EventType "tourn"]
[EventCountry "RUS"]
[SourceTitle "playchess.com"]
[Source "ChessBase"]
[SourceQuality "1"]

{[%evp 10,42,28,8,8,-32,32,10,16,16,21,22,34,11,10,16,10,-16,-15,-15,-31,-34,-23,-52,-46,-77,-35,-41,-44,-36,-32,-32,-40,-144,-89]} 1. e4 e6 2. d4 d5 3. e5 c5 4. c3 Qb6 5. Nf3 Bd7 6. Bd3 cxd4 {C02: French: Advance Variation.} 7. O-O Bb5 (7... Nc6 $15) 8. Bxb5+ Qxb5 {The position is equal.} 9. cxd4 Ne7 10. Nc3 {[%cal Bb1c3,Bc3a4,Ba4c5][%mdl 32] [#]} Qb6 $146 ({Predecessor:} 10... Qd7 11. Ne2 Ng6 12. Ng3 Be7 13. Nh5 O-O 14. Re1 Nc6 15. Ng5 h6 16. Nf3 f6 17. exf6 Bxf6 {0-1 (39) Kozul,Z (2565)-Kurajica,B (2548) Solin/Spilt 2002}) 11. Na4 Qb5 12. Bd2 Nbc6 13. Nc5 Nf5 14. a4 Qb6 15. a5 Qb5 16. a6 Bxc5 17. axb7 Rb8 18. dxc5 Rxb7 19. b4 $1 O-O 20. Ra4 Rfb8 21. g4 ({White should try} 21. h3 $15) 21... Nfd4 {Weighted Error Value: White=0.23/Black=0.11} (21... Nfe7 $142 22. h3 d4) 1/2-1/2

[Event "Blechzin Memorial 2021"]
[Site "St. Petersburg"]
[Date "2021.04.14"]
[Round "8.3"]
[White "Shimanov, Aleksandr"]
[Black "Yevseev, Denis"]
[Result "1-0"]
[WhiteElo "2597"]
[BlackElo "2474"]
[Annotator "TA"]
[PlyCount "69"]
[EventDate "2021.04.14"]
[EventType "tourn"]
[EventCountry "RUS"]
[SourceTitle "playchess.com"]
[Source "ChessBase"]
[SourceQuality "1"]

{[%evp 17,69,19,28,30,33,27,41,41,44,31,46,5,27,33,58,35,26,0,16,0,0,8,26,0,12,0,12,4,0,0,10,17,43,33,70,72,171,156,176,174,247,166,209,207,389,405,366,373,394,387,1037,1025,1025,1012]} 1. c4 c6 2. Nf3 d5 3. e3 Nf6 4. Nc3 e6 5. b3 Nbd7 6. Bb2 Bd6 7. d4 O-O 8. Bd3 e5 9. cxd5 cxd5 {White must now prevent ...e4.} 10. dxe5 {D46: Semi-Slav: 5 e3 Nbd7 6 Bd3, Black avoids the Meran.} Nxe5 11. h3 Re8 12. O-O {White is slightly better.} a6 13. Rc1 Be6 {[#]} 14. Nd4 $146 ({Predecessor:} 14. Na4 Nxf3+ 15. Qxf3 Ne4 16. Bxe4 dxe4 17. Qxe4 Bxh3 18. Qxb7 Qg5 19. f4 Qg6 20. Bd4 {0-1 (43) Neverov,V (2502)-Martynov,P (2289) St Petersburg 2012}) 14... Rc8 15. Bb1 Nc6 16. Nxe6 fxe6 17. Qd3 Bb8 18. Rfd1 Qd6 {aiming for ...Qh2+.} 19. g3 Rf8 20. Qe2 Qe7 21. Kg2 Ba7 22. Rd2 Rf7 23. Re1 Rcf8 24. f4 Rd8 25. a3 e5 26. b4 d4 (26... exf4 $16 {was worth a try.} 27. exf4 Qxe2+ 28. Rexe2 (28. Rdxe2 Kf8 $14) 28... Kf8) 27. exd4 $18 exd4 {[#]} 28. Ne4 {[%cal Bc3e4,Be4g5,Bg5e6][%mdl 32]} Rff8 (28... Nxe4 {keeps fighting.} 29. Qd3 (29. Bxe4 g6 $16) (29. Qxe4 Qxe4+ 30. Rxe4 Rf6 $16) 29... Rf6) 29. Qd3 {Nxf6+ is the strong threat.} g6 30. Rde2 Nd5 $2 (30... Nxe4 31. Rxe4 Qd7 32. Ba2+ Kh8) 31. Ng5 Qd7 32. Ba2 Kh8 33. Ne6 {[%mdl 64] [#] Double Attack} Ndxb4 $2 (33... Nc7 34. Nxd8 Rxd8) 34. axb4 Nxb4 35. Qb3 {Weighted Error Value: White=0.08/Black=0.28} 1-0

[Event "Blechzin Memorial 2021"]
[Site "St. Petersburg"]
[Date "2021.04.14"]
[Round "8.4"]
[White "Matlakov, Maxim"]
[Black "Levin, Evgeny A."]
[Result "1-0"]
[WhiteElo "2688"]
[BlackElo "2502"]
[Annotator "TA"]
[PlyCount "85"]
[EventDate "2021.04.14"]
[EventType "tourn"]
[EventCountry "RUS"]
[SourceTitle "playchess.com"]
[Source "ChessBase"]
[SourceQuality "1"]

{[%evp 13,85,-15,-9,-1,0,-6,0,0,33,0,0,0,0,0,5,0,14,0,6,7,7,0,0,10,34,20,33,29,115,106,114,95,126,110,267,270,275,260,352,325,310,297,293,286,368,384,392,394,386,381,327,244,244,245,257,246,569,570,597,567,589,577,498,398,288,292,676,674,668,661,654,609,581,568]} 1. e4 e6 2. d4 d5 3. Nd2 c5 4. Ngf3 cxd4 5. Nxd4 Nf6 6. e5 Nfd7 7. N2f3 Nc6 8. Bf4 {C07: French Tarrasch: 3...c5, 4 Ngf3 and 4 exd5 Qxd5.} Qb6 9. Rb1 Be7 10. c3 {[#] The position is equal.} Nc5 $146 ({Predecessor:} 10... O-O 11. Bd3 Nc5 12. Bc2 Qa6 13. h4 Ne4 14. Bd3 Qxa2 15. Ng5 Nxd4 16. cxd4 Bd7 {0-1 (24) Tseitlin,M (2403)-Zifroni,D (2497) Israel 2012}) 11. Bd3 Nxd3+ 12. Qxd3 Bd7 13. O-O h6 14. h3 Rc8 15. Rfe1 O-O 16. Qd2 Kh7 17. Re3 Na5 18. b3 Kh8 {aiming for ...Nc4!} 19. Rbe1 Nc6 20. Nxc6 bxc6 {[#]} (20... Bxc6 $11 {keeps the balance.} 21. Nd4 Bd7) 21. Nh2 $1 $16 g5 {[#]} 22. Rg3 $1 Rg8 (22... gxf4 $2 23. Qxf4 Kh7 24. Ng4 $18) 23. Be3 Qb8 {This move loses the game for Black.} (23... c5 $16) 24. h4 $18 Rg7 (24... Qxe5 $2 25. Bd4 $18) (24... gxh4 {[#]} 25. Bxa7 $1 {[%mdl 512]} Rg5 26. Bxb8 $18) 25. hxg5 Rcg8 26. Rh3 ({Weaker is} 26. gxh6 Rxg3 27. fxg3 Rxg3 $16) 26... Rh7 27. gxh6 Rg6 28. b4 f5 29. exf6 Bxf6 30. Rg3 Rxg3 31. fxg3 Qxg3 32. Rf1 Rf7 33. Nf3 e5 34. Bg5 ({Don't play} 34. Bxa7 $6 e4 $16) 34... Kh7 $2 (34... Kg8 {is a better chance.} 35. Bxf6 Rxf6) 35. Bxf6 Rxf6 36. Ng5+ {[%mdl 64] Discovered Attack} Kg6 37. Rxf6+ Kxf6 38. Qf2+ Qxf2+ 39. Kxf2 Bf5 $2 {[#]} ({Wrong is} 39... Kxg5 $2 40. h7 $18) (39... Be8 40. h7 Kg7) 40. h7 $1 {White is clearly winning.} Kg7 41. h8=Q+ {[%mdl 64] Decoy} Kxh8 42. Nf7+ {[%mdl 64] Double Attack} Kg7 43. Nxe5 {Weighted Error Value: White=0.08/Black=0.43} 1-0

[Event "Blechzin Memorial 2021"]
[Site "St. Petersburg"]
[Date "2021.04.14"]
[Round "8.5"]
[White "Goganov, Aleksey"]
[Black "Lintchevski, Daniil"]
[Result "0-1"]
[WhiteElo "2575"]
[BlackElo "2555"]
[Annotator "TA"]
[PlyCount "112"]
[EventDate "2021.04.14"]
[EventType "tourn"]
[EventCountry "RUS"]
[SourceTitle "playchess.com"]
[Source "ChessBase"]
[SourceQuality "1"]

{[%evp 29,112,32,96,22,16,-155,-160,-154,-158,-155,-99,-102,-106,-84,-52,-161,0,0,0,0,0,0,0,0,0,0,0,0,0,0,15,15,15,0,0,-8,-8,-8,-8,-8,-8,-8,-8,-8,-8,-8,-8,-8,-8,-17,-17,-17,-17,-17,-17,-77,-77,-10968,-10968,-10935,-10917,-5089,-6817,-2772,-2344,-1662,-134,-12437,-5945,-29962,-29963,-29966,-29964,-29960,-29963,-29964,-29964,-29965,-29965,-29965,-29965,-29976,-29974,-29974,-29973]} 1. e4 c5 2. Nf3 Nf6 3. e5 Nd5 4. Nc3 e6 5. Nxd5 exd5 6. d4 Nc6 7. dxc5 Bxc5 8. Qxd5 Qb6 9. Bc4 Bxf2+ 10. Ke2 O-O 11. Rf1 Bc5 12. Ng5 Nd4+ 13. Kd1 Ne6 14. Ne4 d6 15. exd6 Rd8 {[%cal Rc5d6]} 16. Bf4 {B29: Sicilian: 2 Nf3 Nf6 (Nimzowitsch Variation).} ({But not} 16. Nxc5 $2 Rxd6 17. Nd3 Rxd5 $19) (16. Qh5 $16 Bxd6 17. Bd3 (17. Qxf7+ Kh8 $17)) 16... Nxf4 $11 17. Rxf4 ({Better is} 17. Qxf7+ $11 Kh8 18. Qxf4 Bxd6 19. Nxd6 Rxd6+ 20. Kc1) 17... Bxd6 $17 18. Qxf7+ {Black is clearly better.} ({Don't go for} 18. Rxf7 $2 Bg4+ 19. Kc1 Kh8 $19) 18... Kh8 19. Nxd6 {[#] White threatens Qf8+! and mate.} Qxd6+ (19... Be6 $142 $1 {[%cal Re6f7][%mdl 512]} 20. Bxe6 Qxd6+ 21. Ke2 Rf8 22. Qxf8+ Rxf8 23. Rxf8+ Qxf8) 20. Bd3 Be6 21. Qh5 {[%csl Gd3][%cal Rh5h7]} g6 22. Qf3 (22. Qg5 $15) 22... Rf8 $2 {[#]} (22... Qe5 $19 23. Kc1 Bf5) 23. g3 $146 ({Predecessor:} 23. Rxf8+ Rxf8 24. Qe2 Bg4 25. Qxg4 Rf1+ 26. Ke2 Rxa1 27. Qc8+ Kg7 28. Qxb7+ Kh6 29. Qxa7 Qxh2 {0-1 (66) Meszaros,M (2327)-Cvicela,A (2156) Slovakia 2002}) 23... Rxf4 24. Qxf4 Qxf4 25. gxf4 {[%mdl 4096] Endgame KRB-KRB} Rf8 26. Kd2 Rxf4 27. Re1 Bd5 ({Weaker is} 27... Bxa2 28. b3 $16) 28. Re5 Bc6 29. c4 Rf2+ (29... Kg8 {looks sharper.} 30. Kc3 Kf7 31. Re2 Rf3 32. b4 Kf6) 30. Re2 Rxe2+ 31. Kxe2 {KB-KB} Kg7 32. b4 Kf6 33. Ke3 Ke5 $1 34. a3 b6 35. Bc2 Be8 36. Be4 h6 37. h4 g5 38. hxg5 hxg5 39. c5 bxc5 40. bxc5 Bf7 41. Bb7 Bd5 42. Bc8 (42. Ba6 $1 $11) 42... Bc6 $17 43. Bg4 $2 {[%mdl 8192]} (43. Kf2 $17) 43... Kd5 $19 44. Kd3 Kxc5 45. Kc3 Kd5 46. Kd3 Bb5+ 47. Ke3 Bf1 $2 (47... Be8 $1 $19 {and Black stays clearly on top.} 48. Be2 Bd7) 48. Bd1 $2 {[%mdl 8192] [#] White does not recover from this.} (48. Kf3 $17) 48... Kc4 $1 49. Ke4 {[#]} Bh3 $1 {[%cal Rh3d7] Black mates.} 50. Kf3 a5 51. Ba4 Kc3 52. Be8 Kb3 53. a4 Kb4 54. Ke4 Bg4 55. Ke5 Bd1 56. Kf5 Bxa4 {Weighted Error Value: White=0.63/Black=0.32} 0-1

[Event "Blechzin Memorial 2021"]
[Site "St. Petersburg"]
[Date "2021.04.14"]
[Round "9.1"]
[White "Lintchevski, Daniil"]
[Black "Khairullin, Ildar"]
[Result "1/2-1/2"]
[WhiteElo "2555"]
[BlackElo "2615"]
[Annotator "TA"]
[PlyCount "53"]
[EventDate "2021.04.14"]
[EventType "tourn"]
[EventCountry "RUS"]
[SourceTitle "playchess.com"]
[Source "ChessBase"]
[SourceQuality "1"]

{[%evp 14,53,1,-3,-8,-13,-25,-41,-25,-29,-22,-38,-33,-43,-43,-52,-42,-41,10,-45,-43,-38,-39,-56,-52,-53,-58,-57,-36,-40,-24,-25,-39,-33,-44,-62,-65,-63,0,0,0,-91]} 1. e4 e5 2. Nf3 Nc6 3. d4 exd4 4. Nxd4 Nf6 5. Nxc6 bxc6 6. e5 Qe7 7. Qe2 Nd5 8. h4 Qe6 {C45: Scotch Game.} 9. g3 d6 10. c4 Nb6 {Black is slightly better.} 11. Bg2 dxe5 12. Nd2 Be7 13. b3 O-O 14. Bb2 f6 {[#]} 15. O-O $146 ({Predecessor:} 15. O-O-O a5 16. f4 a4 17. Bh3 Qf7 18. Bxc8 Raxc8 19. fxe5 fxe5 20. Rhf1 Qg6 21. Qxe5 {1-0 (33) Idani,P (2604)-Sasikiran,K (2678) Astana 2019}) 15... Rb8 (15... a5 $15) 16. Ne4 ({White should play} 16. Bc3 $11) 16... h6 17. Rae1 a5 18. Bc3 a4 19. Nd2 axb3 20. axb3 Nd7 21. f4 Bb4 22. Bxb4 Rxb4 23. Kh2 Qd6 24. Ne4 Qe7 25. Nd2 Qd6 26. Ne4 Qe7 27. Nd2 {Weighted Error Value: White=0.10/Black=0.08} 1/2-1/2

[Event "Blechzin Memorial 2021"]
[Site "St. Petersburg"]
[Date "2021.04.14"]
[Round "9.3"]
[White "Yevseev, Denis"]
[Black "Matlakov, Maxim"]
[Result "1/2-1/2"]
[WhiteElo "2474"]
[BlackElo "2688"]
[Annotator "TA"]
[PlyCount "80"]
[EventDate "2021.04.14"]
[EventType "tourn"]
[EventCountry "RUS"]
[SourceTitle "playchess.com"]
[Source "ChessBase"]
[SourceQuality "1"]

{[%evp 16,80,15,0,0,0,4,18,31,20,18,12,9,31,46,43,43,40,53,26,35,18,10,0,0,-18,8,0,0,0,0,-26,-26,-26,-26,-24,-10,-15,-29,-61,0,0,0,0,0,0,0,0,0,0,0,0,0,0,0,-64,0,0,0,0,0,0,0,0,0,0,0]} 1. Nf3 d5 2. d4 Nf6 3. c4 c6 4. Nc3 e6 5. g3 dxc4 6. Bg2 Nbd7 7. O-O Be7 8. e4 O-O 9. Bf4 Re8 {E07: Closed Catalan: Main Line (5 Nf3 0-0 6 0-0 Nbd7).} 10. a4 b6 11. Qe2 a5 12. Rfd1 Ba6 13. Nd2 Bb4 14. Nxc4 Nd5 15. Bd2 ({Of course not} 15. exd5 exd5 16. Qc2 Bxc4 $15) 15... Rc8 16. Rac1 {[#]} ({And not} 16. exd5 exd5 17. Qh5 Nf6 $17) 16... Nxc3 $146 ({Predecessor:} 16... Bf8 17. Bf1 e5 18. dxe5 Nxe5 19. b3 Ba3 20. Rc2 Qf6 21. f4 Nxc4 22. bxc4 {0-1 (40) Kobalia,M (2646)-Palac,M (2577) Gjakova 2016}) 17. Bxc3 Qe7 18. Bxb4 Qxb4 19. Qc2 Red8 20. Bf1 b5 21. Ne5 Nxe5 22. dxe5 {[#] Rxd8+ is the strong threat.} h6 23. Rd6 Rxd6 24. exd6 Qxd6 25. Qc5 Qd2 26. Rc2 Qd8 27. Qe3 Bb7 ({Black should try} 27... Rb8 $15) 28. Qa7 $1 $11 {[%cal Ra7b7]} Ba8 29. axb5 cxb5 30. Rxc8 Qxc8 31. Qxa5 Bxe4 32. Qxb5 Qc1 33. Qc4 Qb1 34. b4 Bd5 35. Qc8+ Kh7 {[#] White must now prevent ...Qe4.} 36. Qc3 $1 {The position is equal.} f5 37. f3 Kg6 38. b5 h5 39. Kf2 Kh7 40. h4 Kg6 {Weighted Error Value: White=0.04/Black=0.06} 1/2-1/2

[Event "Blechzin Memorial 2021"]
[Site "St. Petersburg"]
[Date "2021.04.14"]
[Round "9.4"]
[White "Gorovykh, Eduard"]
[Black "Shimanov, Aleksandr"]
[Result "1/2-1/2"]
[WhiteElo "2488"]
[BlackElo "2597"]
[Annotator "TA"]
[PlyCount "177"]
[EventDate "2021.04.14"]
[EventType "tourn"]
[EventCountry "RUS"]
[SourceTitle "playchess.com"]
[Source "ChessBase"]
[SourceQuality "1"]

{[%evp 9,177,11,47,0,0,0,11,9,17,21,31,13,32,13,43,-45,-14,-140,13,-55,-4,-4,0,0,0,-8,0,-1,0,-14,-18,-42,-20,-34,-42,-38,-25,-35,-13,-22,-18,-37,-36,-38,-33,-32,-32,-45,0,-41,-41,-41,-41,-41,-41,-41,-41,-41,-41,-41,-41,-48,-39,-83,-41,-43,-43,-445,-445,-408,-348,-339,-203,-197,-185,-162,0,-183,0,0,0,0,0,0,0,0,0,0,0,-3,-3,-7,0,0,0,0,0,0,0,0,0,0,0,0,0,0,0,0,0,0,0,0,0,0,0,0,0,0,0,0,0,0,0,0,0,0,0,0,0,0,0,0,0,0,0,0,0,0,0,0,0,0,0,0,0,0,0,0,0,0,0,0,0,0,0,0,0,0,0,0,0,0,0,0,0,0,0,0,0,0]} 1. e4 c6 2. d4 d5 3. f3 g6 4. Nc3 Bg7 5. Be3 Qb6 6. Na4 {B15: Caro-Kann: 3 Nc3: 3...g6 and 3...dxe4 4 Nxe4 Nf6 5 Nxf6+ exf6.} Qa5+ 7. c3 Nd7 {7...dxe4 is the modern continuation.} 8. b4 Qc7 9. e5 f6 10. f4 Nh6 11. Nf3 {[#]} a5 $146 ({Predecessor:} 11... O-O 12. Be2 a5 13. a3 Nb6 14. Nb2 Bg4 15. O-O Kh8 16. Qd2 axb4 17. axb4 Rxa1 18. Rxa1 {½-½ (108) Fedoseev,V (2674)-Rozum,I (2566) Chess.com INT 2020}) 12. a3 (12. b5 $14) 12... O-O {[%cal Rf6e5]} 13. Bd3 (13. b5 $11 {remains equal.}) 13... b5 $2 ({Of course not} 13... fxe5 $6 14. Nxe5 Nxe5 15. dxe5 $15) (13... Ng4 $17 14. Bc1 axb4) 14. Nb2 ({White should try} 14. Nc5 $11) 14... Nb6 (14... Ng4 $15 15. Qe2 Nxe3 16. Qxe3 axb4 17. cxb4 Bh6) 15. O-O $11 Nc4 16. Nxc4 dxc4 17. Be4 f5 18. Bc2 Be6 19. Ng5 Bd5 20. Qd2 Ra7 21. Rab1 axb4 22. axb4 Rfa8 23. Rb2 e6 24. Bd1 Bf8 25. Bf3 Qd7 26. Qf2 Be7 27. Bxd5 Qxd5 28. Qf3 Bxg5 (28... Kg7 {with more complications.} 29. Qxd5 exd5 30. h3 Ra3 31. Rc1 Nf7) 29. Qxd5 cxd5 30. fxg5 Nf7 31. Bf4 Ra3 32. Rc2 Kg7 33. g3 Rb3 34. Kf2 Raa3 35. Rfc1 h6 36. h4 Ra8 (36... h5 {feels hotter.} 37. Bd2 Nd8 38. Re1 Nc6 39. Re3 Kf8) 37. gxh6+ Nxh6 38. Bxh6+ $2 {[%mdl 8192]} (38. Bg5 $15) 38... Kxh6 $15 {[%mdl 4096] Endgame KRR-KRR} 39. Kf3 Raa3 40. Kg2 Kh5 (40... Ra4 $142 41. Re1 Rba3) 41. Kh3 $19 Ra8 42. Rg1 Raa3 43. Rgc1 g5 $2 (43... Ra4 $19 44. Rg1 Kh6) 44. hxg5 $11 {The position is equal.} Kxg5 45. Kg2 Kg4 46. Kf2 Ra6 47. Rh1 $1 Raa3 48. Rhc1 $1 Kg5 49. Kg2 Ra6 50. Rh1 $1 Rba3 51. Kf3 Ra2 (51... Ra7 {looks sharper.} 52. Rh8 Ra2 53. Rxa2 Rxa2 54. Rg8+ Kh5) 52. Rxa2 Rxa2 {KR-KR} 53. Rh8 Rc2 (53... Kg6 {keeps more tension.} 54. Rf8 Rc2 55. Kf4 Rf2+ 56. Ke3 Rc2) 54. Rg8+ Kh5 55. Re8 Kg5 56. Rg8+ Kh5 57. Re8 Rxc3+ 58. Kf4 Rc1 {Hoping for ...Rf1+.} 59. Rxe6 c3 60. Rc6 c2 {( -> ...Rf1+)} 61. Ke3 Kg5 62. Rc8 Re1+ 63. Kd2 {[%mdl 64] [#] Double Attack} Rd1+ 64. Kxc2 Rxd4 {White must now prevent ...Rc4+.} 65. Rg8+ Kh5 66. e6 Re4 67. Rd8 (67. Re8 {keeps more tension.} Kg5 68. Rd8 Rxe6 69. Rxd5 Kg4 70. Kd3) 67... Rxe6 68. Rxd5 Kg4 69. Rxb5 Rf6 70. Rb8 {Threatening Rg8+.} Kxg3 71. Kd3 f4 72. Rg8+ Kf2 73. b5 f3 74. Rg7 Kf1 75. Kd4 f2 76. Ra7 Kg2 (76... Rf4+ {is interesting.} 77. Kc5 Re4 78. b6 Kg2 79. Ra2 Re8) 77. Ra2 Kg3 78. Rxf2 Rxf2 {KR-KP} 79. b6 Kf4 80. Kd5 Rb2 81. Kc6 Ke5 (81... Rb4 {is more complex.} 82. b7 Ke4 83. Kc7 Rc4+ 84. Kb6 Rb4+) 82. b7 Ke6 83. Kc7 Rc2+ 84. Kd8 Rb2 85. Kc7 Ke7 86. b8=Q Rc2+ 87. Kb7 {[#] Intending Qe5+ and mate.} Rb2+ 88. Kc7 Rxb8 89. Kxb8 {Black had all chances to win.  Weighted Error Value: White=0.28/Black=0.22} 1/2-1/2

[Event "Blechzin Memorial 2021"]
[Site "St. Petersburg"]
[Date "2021.04.14"]
[Round "9.5"]
[White "Khalifman, Alexander"]
[Black "Romanov, Evgeny"]
[Result "1/2-1/2"]
[WhiteElo "2608"]
[BlackElo "2599"]
[Annotator "TA"]
[PlyCount "33"]
[EventDate "2021.04.14"]
[EventType "tourn"]
[EventCountry "RUS"]
[SourceTitle "playchess.com"]
[Source "ChessBase"]
[SourceQuality "1"]

{[%evp 13,19,11,37,30,43,53,38,35]} 1. d4 Nf6 2. c4 e6 3. Nf3 b6 4. g3 Ba6 5. b3 Bb7 6. Bg2 Bb4+ 7. Bd2 c5 8. O-O {E15: Queen's Indian: 4 g3 sidelines, 4 g3 Ba6 and 4 g3 Bb7 early deviations.} Bxd2 9. Qxd2 cxd4 10. Qxd4 {[#] Not enough moves} {Predecessor:} Nc6 $146 11. Qh4 d5 12. Nc3 dxc4 13. Nd4 Nxd4 14. Bxb7 Rb8 15. Bg2 Nf5 16. Bc6+ Ke7 17. Qxc4 {0-1 (52) Inarkiev,E (2671)-Mozharov,M (2494) Moscow 2010} 1/2-1/2